Geography Quiz

Random Geography or City Quiz

Triple E, I, O, U, Cities, Countries, and Places Quiz Stats

Quiz not verified by Sporcle

Challenge
Share
Tweet
Embed
Score 0/31 Timer 05:00
0 Plays Today
Location Place % Correct
EuropeGreece
69%
Nepal-ChinaEverest
62.1%
EuropeKosovo
58.6%
WyomingCheyenne
56.9%
Sri LankaColombo
51.7%
GeorgiaTbilisi
48.3%
AfricaMorocco
48.3%
AfricaComoros
46.6%
ItalyRimini
43.1%
CanadaToronto
43.1%
HungaryDebrecen
32.8%
AustraliaWollongong
31%
WashingtonEverett
29.3%
ItalyBrindisi
26.5%
United KingdomExeter
22.4%
IndianaKokomo
19%
Location Place % Correct
NetherlandsEnschede
18.2%
UgandaEntebbe
13.6%
BelgiumMechelen
13.6%
MassachusettsRevere
10.7%
SpainLogrono
10.3%
RussiaNovgorod
9.1%
EthiopiaMekelle
8.6%
HungaryKecskemet
8.6%
BahamasBimini
8.2%
TurkeyTurgutlu
7.1%
BrazilMossoro
6.9%
Cote d'IvoireKorhogo
6.9%
ChileOsorno
5.2%
NigeriaSokoto
5.2%
NetherlandsDeventer
4.5%

You're not logged in!

Compare scores with friends on all Sporcle quizzes.
Sign Up with Email
OR
Log In

You Might Also Like...

Show Comments

Extras

Top Quizzes Today


Score Distribution

Your Account Isn't Verified!

In order to create a playlist on Sporcle, you need to verify the email address you used during registration. Go to your Sporcle Settings to finish the process.

Report this User

Report this user for behavior that violates our Community Guidelines.

Details: